Life before life / (Record no. 329928)

000 -LEADER
fixed length control field 01040nam a22002893 4500
001 - CONTROL NUMBER
control field 16410285
003 - CONTROL NUMBER IDENTIFIER
control field NUST
005 - DATE AND TIME OF LATEST TRANSACTION
control field 20180117090026.0
008 - FIXED-LENGTH DATA ELEMENTS--GENERAL INFORMATION
fixed length control field 791020s1979 enk 000 0 eng
010 ## - LIBRARY OF CONGRESS CONTROL NUMBER
LC control number 00521328
015 ## - NATIONAL BIBLIOGRAPHY NUMBER
National bibliography number GB79-32215
020 ## - INTERNATIONAL STANDARD BOOK NUMBER
International Standard Book Number 0553124501 (pbk) :
Terms of availability £0.95
035 ## - SYSTEM CONTROL NUMBER
System control number (OCoLC)ocm16481254
040 ## - CATALOGING SOURCE
Original cataloging agency UKM
Transcribing agency UKM
Modifying agency DLC
050 00 - LIBRARY OF CONGRESS CALL NUMBER
Classification number CPB Box no. 1717 vol. 4
082 04 - DEWEY DECIMAL CLASSIFICATION NUMBER
Classification number 133.9/01/3
Edition number 19
100 1# - MAIN ENTRY--PERSONAL NAME
Personal name Wambach, Helen.
9 (RLIN) 1741
245 10 - TITLE STATEMENT
Title Life before life /
Statement of responsibility, etc. Helen Wambach.
260 ## - PUBLICATION, DISTRIBUTION, ETC.
Place of publication, distribution, etc. Toronto ;
-- London :
Name of publisher, distributor, etc. Bantam,
Date of publication, distribution, etc. 1979.
300 ## - PHYSICAL DESCRIPTION
Extent 212, [8] p. ;
Dimensions 18 cm.
650 #0 - SUBJECT ADDED ENTRY--TOPICAL TERM
Topical term or geographic name entry element Reincarnation
Form subdivision Case studies.
9 (RLIN) 1742
653 ## - INDEX TERM--UNCONTROLLED
Uncontrolled term Psychic phenomena: Reincarnation - Case studies
710 2# - ADDED ENTRY--CORPORATE NAME
Corporate name or jurisdiction name as entry element Copyright Paperback Collection (Library of Congress)
Institution to which field applies DLC
9 (RLIN) 1743
906 ## - LOCAL DATA ELEMENT F, LDF (RLIN)
a 7
b cbc
c copycat
d 2
e ncip
f 20
g y-genrareb
942 ## - ADDED ENTRY ELEMENTS (KOHA)
Source of classification or shelving scheme
Koha item type Book
Holdings
Withdrawn status Lost status Source of classification or shelving scheme Damaged status Not for loan Collection code Permanent Location Current Location Shelving location Date acquired Total Checkouts Full call number Barcode Date last seen Date last checked out Price effective from Koha item type
            Central Library (CL) Central Library (CL) General Stacks 06/01/2017 4 133.9/01/3 WAM S3H-D-238 08/05/2023 07/24/2023 06/01/2017 Book
© 2023 Central Library, National University of Sciences and Technology. All Rights Reserved.